logo

Bir Sreshtho Munshi Abdur Rouf Library
Jhenaidah Cadet College

উত্তরাধিকার : (Record no. 5984)

MARC details
000 -LEADER
fixed length control field 00867nam a2200241 a 4500
001 - CONTROL NUMBER
JCCL Control Number 5984
003 - CONTROL NUMBER IDENTIFIER
JCCL marc code BD-JhCC
005 - DATE AND TIME OF LATEST TRANSACTION
control field 20180101123749.0
008 - FIXED-LENGTH DATA ELEMENTS--GENERAL INFORMATION
fixed length control field 171231s1994 bg |||| ||a| 000 0 ben d
035 ## - SYSTEM CONTROL NUMBER
system control number (BD-JhCC)5984
040 ## - CATALOGING SOURCE
Original cataloging agency BD-JhCC
Modifying agency BD-JhCC
041 ## - LANGUAGE CODE
Language code of Book ben
082 ## - DEWEY DECIMAL CLASSIFICATION NUMBER
Classification number 050
Author mark and Year UTT 1994
245 ## - TITLE STATEMENT
Title উত্তরাধিকার :
Remainder of title বাংলা একাডেমীর সৃজনশীল সাহিত্য-ত্রৈমাসিক /
Statement of responsibility, etc মোহাম্মদ হারুন-উর-রশিদ সম্পাদক
260 ## - PUBLICATION, DISTRIBUTION, ETC. (IMPRINT)
Place of publication, distribution, etc ঢাকা :
Name of publisher, distributor, etc বাংলা একাডেমী,
Date of publication, distribution, etc ১৯৯৪.
300 ## - PHYSICAL DESCRIPTION
Pagination 127 p. :
Dimensions 21 cm.
650 ## - SUBJECT ADDED ENTRY--TOPICAL TERM
Topical term or geographic name as entry element Bengali Periodicals
650 ## - SUBJECT ADDED ENTRY--TOPICAL TERM
Topical term or geographic name as entry element Journal
650 ## - SUBJECT ADDED ENTRY--TOPICAL TERM
Topical term or geographic name as entry element Magazine
700 ## - ADDED ENTRY--PERSONAL NAME
Personal name হারুন-উর-রশিদ, মোহাম্মদ
942 ## - ADDED ENTRY ELEMENTS (KOHA)
Source of classification or shelving scheme Dewey Decimal Classification
Koha item type Books
Holdings
Source of classification or shelving scheme Damaged status Not for loan Home library Current library Shelving location Date of accession Cost, normal purchase price Total Checkouts Full call number Barcode Date last seen Copy number Koha item type
Dewey Decimal Classification     JCC Rouf Library JCC Rouf Library General Stacks 12/31/2017 20.00   050 UTT 1994 8156 12/31/2017 C - 1 Books

JCC Library | Contacts | JCC Home

Last Update on 23 September 2017
Copyright @ 2017-2020 JCC Rouf Library
Rouf Library, Jhenidah Cadet College (JCC), Bangladesh